000 00695nam a2200229 a 4500
001 000022096
005 20200930011559.0
008 100916s1982 sp a r 000 |bspa d
040 _aDO-SdBNP
_bspa
_cBNPHU
082 _axxx
_bL419r
100 1 _aLawrence, Elizabeth Atwood
_945785
240 0 _aRodeo
_lespañol
245 1 0 _aRodeo /
_cElizabeth Atwood Lawrence ; traducción, Rufo G. Salcedo.
260 _aBarcelana :
_bLerna,
_c1982.
300 _a375 p. :
_bil. ;
_c20 cm.
490 _aEra'E
500 _aIncluye índice alfabético
500 _aIncluye refencias bibliográficas
534 _aTítulo original :
_tRodeo
700 1 _aSalcedo, Rufo G.
_etr.
_945786
049 _aBNGR
999 _c21594
_d21594